header

Cinema anime (Record no. 94596)

MARC details
000 -LEADER
fixed length control field 01212nam a2200313Ia 4500
082 04 - DEWEY DECIMAL CLASSIFICATION NUMBER
Classification number 791.43/340952
245 00 - TITLE STATEMENT
Title Cinema anime
260 ## - PUBLICATION, DISTRIBUTION, ETC. (IMPRINT)
Place of publication New York :
Name of publisher Palgrave Macmillan,
Year of publication c2006.
300 ## - PHYSICAL DESCRIPTION
Number of Pages viii, 248 p. :
Other physical details ill.
650 #0 - SUBJECT ADDED ENTRY--TOPICAL TERM
Topical Term Animated films
Topical Term Animation (Cinematography)
700 1# - ADDED ENTRY--PERSONAL NAME
Personal name Brown, Steven T.
856 40 - ELECTRONIC LOCATION AND ACCESS
Uniform Resource Identifier http://site.ebrary.com/lib/rucke/Doc?id=10150398

No items available.

© 2026 Rongo University
Contact us: librarian | system librarian | Rongo university